[Event "Buenos Aires Duchamp Boca op 3rd"]
[Site "Buenos Aires"]
[Date "2013.06.24"]
[Round "4"]
[White "Giardelli, Sergio Carlos"]
[Black "Pineiro, Dario"]
[Result "1/2-1/2"]
[WhiteElo "2344"]
[BlackElo "2205"]
[PlyCount "66"]
[EventDate "2013.06.20"]
[EventType "swiss"]
[EventRounds "9"]
[EventCountry "ARG"]
[SourceTitle "CBM 155 Extra"]
[Source "ChessBase"]
[SourceDate "2013.08.26"]
[SourceVersion "1"]
[SourceVersionDate "2013.08.26"]
[SourceQuality "1"]

1. c4 c5 2. Nf3 Nc6 3. g3 g6 4. Bg2 Bg7 5. Nc3 b6 6. 0-0 Bb7 7. e3 Bxc3 8. dxc3 f5 9. e4 fxe4 10. Ng5 Nf6 11. Nxe4 Nxe4 12. Bxe4 0-0 13. Bg5 Qc7 14. f4 e6 15. Qd3 Rf7 16. Rad1 Na5 17. Rf2 Bxe4 18. Qxe4 Re8 19. Rfd2 Nb7 20. h4 d6 21. h5 gxh5 22. Rh2 Rg7 23. Rxh5 Qf7 24. Rh6 Rg6 25. Rh2 d5 26. Qe5 dxc4 27. Rhd2 Rg7 28. Rd7 Qxd7 29. Rxd7 Rxd7 30. Bf6 Nd8 31. Qg5+ Kf8 32. Qh6+ Kg8 33. Qg5+ Kf8 1/2-1/2

[Event "ARG-ch 87th"]
[Site "Villa Martelli"]
[Date "2013.04.05"]
[Round "3"]
[White "Iermito, Sebastian"]
[Black "Pineiro, Dario"]
[Result "1-0"]
[WhiteElo "2463"]
[BlackElo "2194"]
[PlyCount "109"]
[EventDate "2013.04.03"]
[EventType "swiss"]
[EventRounds "11"]
[EventCountry "ARG"]
[SourceTitle "CBM 153 Extra"]
[Source "ChessBase"]
[SourceDate "2013.04.22"]
[SourceVersion "1"]
[SourceVersionDate "2013.04.22"]
[SourceQuality "1"]

1. d4 f5 2. Nc3 d5 3. Bf4 Nf6 4. e3 e6 5. Nf3 Bd6 6. Bd3 0-0 7. 0-0 a6 8. Ne2 c5 9. dxc5 Bxc5 10. c4 Nc6 11. Rc1 Bd6 12. cxd5 Nxd5 13. Bxd6 Qxd6 14. e4 Ndb4 15. Bc4 Qxd1 16. Rfxd1 fxe4 17. Ng5 Nd3 18. Bxd3 exd3 19. Rxd3 e5 20. Ng3 h6 21. N5e4 Nb4 22. Rb3 a5 23. a3 Be6 24. Re3 Nd5 25. Ree1 Nf4 26. Nc5 Bd5 27. Nd7 Rfe8 28. Nb6 Rad8 29. Nxd5 Nxd5 30. Rc5 b6 31. Rb5 Kf7 32. h3 Re6 33. Kh2 g6 34. Kg1 Kf6 35. Rd1 Nc7 36. Rxd8 Nxb5 37. Ne4+ Kf7 38. Rh8 Kg7 39. Rb8 Nd4 40. Rb7+ Kf8 41. Nc3 Rd6 42. Na4 Ne2+ 43. Kh2 Nf4 44. Nxb6 Nd3 45. Kg3 Nc5 46. Rb8+ Kg7 47. Nc4 Rd5 48. Kf3 a4 49. Rb5 e4+ 50. Ke2 Rg5 51. g3 Kf6 52. h4 Rd5 53. Ne3 Rh5 54. g4 Re5 55. g5+ 1-0

[Event "ARG-ch 87th"]
[Site "Villa Martelli"]
[Date "2013.04.04"]
[Round "2"]
[White "Pineiro, Dario"]
[Black "Malbran, Guillermo"]
[Result "1-0"]
[WhiteElo "2194"]
[BlackElo "2198"]
[PlyCount "77"]
[EventDate "2013.04.03"]
[EventType "swiss"]
[EventRounds "11"]
[EventCountry "ARG"]
[SourceTitle "CBM 153 Extra"]
[Source "ChessBase"]
[SourceDate "2013.04.22"]
[SourceVersion "1"]
[SourceVersionDate "2013.04.22"]
[SourceQuality "1"]

1. c4 e5 2. g3 Nf6 3. Bg2 c6 4. d4 e4 5. Nc3 d5 6. Bg5 Bb4 7. cxd5 cxd5 8. Nh3 Nbd7 9. 0-0 Bxc3 10. bxc3 h6 11. Bxf6 Nxf6 12. Qa4+ Qd7 13. Qb4 Qe7 14. Qb5+ Qd7 15. Qb4 Qe7 16. Rab1 Qxb4 17. Rxb4 b6 18. c4 dxc4 19. Rxc4 0-0 20. Rfc1 Be6 21. R4c2 Rfd8 22. e3 g5 23. Kf1 Rd5 24. Ke2 Ra5 25. f3 exf3+ 26. Bxf3 Rd8 27. Nf2 Ra3 28. Nd3 Bf5 29. Rd1 Ne4 30. g4 Bg6 31. Bxe4 Bxe4 32. Rdd2 Re8 33. Rb2 Bd5 34. Kf2 Be6 35. h3 Rc8 36. Ne5 f6 37. d5 Bxd5 38. Rxd5 fxe5 39. Rxe5 1-0

[Event "Buenos Aires Duchamp Memorial op 5th"]
[Site "Buenos Aires"]
[Date "2013.03.24"]
[Round "2"]
[White "Allo, Esteban Manuel"]
[Black "Pineiro, Dario"]
[Result "1-0"]
[WhiteElo "1962"]
[BlackElo "2194"]
[PlyCount "45"]
[EventDate "2013.03.23"]
[EventType "swiss"]
[EventRounds "8"]
[EventCountry "ARG"]
[SourceTitle "CBM 153 Extra"]
[Source "ChessBase"]
[SourceDate "2013.04.22"]
[SourceVersion "1"]
[SourceVersionDate "2013.04.22"]
[SourceQuality "1"]

1. e4 d5 2. exd5 Qxd5 3. Nc3 Qd6 4. d4 Nf6 5. Nf3 a6 6. Bc4 b5 7. Bb3 Nbd7 8. 0-0 Bb7 9. Ng5 e6 10. Re1 Be7 11. Nxe6 fxe6 12. Rxe6 Qb4 13. a3 Qa5 14. Qe2 0-0-0 15. Rxe7 Rhe8 16. Bf4 b4 17. Na4 bxa3 18. bxa3 Qf5 19. Bg3 Ne4 20. Rxe8 Rxe8 21. Re1 Rf8 22. f3 Nxg3 23. Qe8+ 1-0

[Event "Buenos Aires Duchamp Memorial op 5th"]
[Site "Buenos Aires"]
[Date "2013.03.24"]
[Round "3"]
[White "Pineiro, Dario"]
[Black "Palmieri, Daniel"]
[Result "1-0"]
[WhiteElo "2194"]
[BlackElo "1880"]
[PlyCount "71"]
[EventDate "2013.03.23"]
[EventType "swiss"]
[EventRounds "8"]
[EventCountry "ARG"]
[SourceTitle "CBM 153 Extra"]
[Source "ChessBase"]
[SourceDate "2013.04.22"]
[SourceVersion "1"]
[SourceVersionDate "2013.04.22"]
[SourceQuality "1"]

1. c4 Nf6 2. g3 g6 3. Bg2 Bg7 4. Nc3 0-0 5. d4 c5 6. d5 d6 7. e4 Nbd7 8. f4 Ne8 9. Nf3 a6 10. a4 Rb8 11. 0-0 Nc7 12. a5 b5 13. axb6 Nxb6 14. Qd3 Bg4 15. Nd2 Qd7 16. f5 gxf5 17. exf5 Bd4+ 18. Kh1 e6 19. f6 Bh5 20. g4 Bg6 21. Qh3 Ne8 22. Rxa6 Bxf6 23. Nde4 Bg7 24. b3 Qb7 25. dxe6 Qxa6 26. e7 Nd7 27. Nb5 Ne5 28. Bh6 Rxb5 29. cxb5 Qxb5 30. Bxg7 Kxg7 31. Qh6+ Kxh6 32. exf8Q+ Ng7 33. g5+ Kh5 34. Qxg7 Bxe4 35. Qh6+ Kg4 36. Qh3+ 1-0

[Event "Buenos Aires Duchamp Memorial op 4th"]
[Site "Buenos Aires"]
[Date "2012.10.29"]
[Round "7"]
[White "Pineiro, Dario"]
[Black "Sotelo, Noe"]
[Result "1-0"]
[WhiteElo "2141"]
[BlackElo "1759"]
[PlyCount "61"]
[EventDate "2012.10.22"]
[EventType "swiss"]
[EventRounds "9"]
[EventCountry "ARG"]
[SourceTitle "EXT 2013"]
[Source "ChessBase"]
[SourceDate "2012.11.22"]
[SourceVersion "1"]
[SourceVersionDate "2012.11.22"]
[SourceQuality "1"]

1. c4 e5 2. g3 Nc6 3. Nc3 g6 4. Bg2 Bg7 5. e4 Nge7 6. Nge2 h5 7. h3 d6 8. d3 h4 9. g4 f5 10. gxf5 gxf5 11. Bg5 Qd7 12. Qd2 f4 13. Bf3 Qe6 14. Nd5 Nxd5 15. exd5 Nd4 16. Be4 Qf7 17. Nxd4 exd4 18. 0-0-0 Be5 19. Rdg1 Kf8 20. Bg6 Qxg6 21. Be7+ Kxe7 22. Rxg6 Bf5 23. Rg5 Kf6 24. Rhg1 Bxh3 25. Qe2 Rh6 26. Qf3 Bd7 27. Qg2 h3 28. Rg6+ Kf7 29. Rg7+ Kf8 30. Qg5 Rf6 31. Rxd7 1-0

[Event "Buenos Aires Duchamp Memorial op 4th"]
[Site "Buenos Aires"]
[Date "2012.10.27"]
[Round "5"]
[White "Pineiro, Dario"]
[Black "Duarte, Gonzalo"]
[Result "1-0"]
[WhiteElo "2141"]
[BlackElo "1866"]
[PlyCount "59"]
[EventDate "2012.10.22"]
[EventType "swiss"]
[EventRounds "9"]
[EventCountry "ARG"]
[SourceTitle "EXT 2013"]
[Source "ChessBase"]
[SourceDate "2012.11.22"]
[SourceVersion "1"]
[SourceVersionDate "2012.11.22"]
[SourceQuality "1"]

1. c4 e6 2. g3 d5 3. Bg2 Nf6 4. Nf3 c6 5. 0-0 Nbd7 6. d4 dxc4 7. Qc2 Be7 8. Qxc4 c5 9. Rd1 0-0 10. Nc3 Nb6 11. Qb3 c4 12. Qc2 Nfd5 13. e4 Nb4 14. Qb1 f5 15. Ne5 Bf6 16. Be3 fxe4 17. Bxe4 g6 18. Bh6 Bg7 19. Bxg7 Kxg7 20. Bxg6 Rf6 21. Bxh7 Nd3 22. Nxd3 Kxh7 23. Ne5+ Kg7 24. Qe4 Qf8 25. Qg4+ Kh7 26. Ne4 Rf5 27. Ng5+ Kh6 28. Qh4+ Kg7 29. Qh7+ Kf6 30. Ne4# 1-0

[Event "American Continental 08th"]
[Site "Mar del Plata"]
[Date "2012.10.15"]
[Round "5"]
[White "Espindola, Juan Carlos"]
[Black "Pineiro, Dario"]
[Result "0-1"]
[WhiteElo "1891"]
[BlackElo "2141"]
[PlyCount "76"]
[EventDate "2012.10.12"]
[EventType "swiss"]
[EventRounds "11"]
[EventCountry "ARG"]
[SourceTitle "EXT 2013"]
[Source "ChessBase"]
[SourceDate "2012.11.22"]
[SourceVersion "1"]
[SourceVersionDate "2012.11.22"]
[SourceQuality "1"]

1. Nf3 d6 2. g3 f5 3. b3 Nf6 4. Bb2 e5 5. d3 g6 6. Bg2 Bg7 7. Nbd2 Nc6 8. 0-0 0-0 9. c4 Qe8 10. e4 f4 11. Re1 Nh5 12. Nf1 Qf7 13. N3d2 fxg3 14. fxg3 Qf2+ 15. Kh1 Nb4 16. Qb1 Bg4 17. Bc3 Nc6 18. Ne3 Be2 19. Nef1 Bh6 20. a3 Bxd2 21. Nxd2 g5 22. Nf1 Bf3 23. Bxf3 Qxf3+ 24. Kg1 Rf6 25. Ra2 Raf8 26. Qd1 Nd4 27. Bxd4 exd4 28. Rc2 Ng7 29. Qe2 Ne6 30. b4 g4 31. Qxf3 Rxf3 32. Rd1 Kg7 33. Kg2 Ng5 34. Re1 Rxd3 35. Rce2 Rxa3 36. e5 dxe5 37. Rxe5 Ra2+ 38. Kh1 Raf2 0-1

[Event "American Continental 08th"]
[Site "Mar del Plata"]
[Date "2012.10.14"]
[Round "4"]
[White "Pineiro, Dario"]
[Black "Reis, Renan do Carmo"]
[Result "0-1"]
[WhiteElo "2141"]
[BlackElo "2306"]
[PlyCount "66"]
[EventDate "2012.10.12"]
[EventType "swiss"]
[EventRounds "11"]
[EventCountry "ARG"]
[SourceTitle "EXT 2013"]
[Source "ChessBase"]
[SourceDate "2012.11.22"]
[SourceVersion "1"]
[SourceVersionDate "2012.11.22"]
[SourceQuality "1"]

1. c4 c5 2. g3 Nc6 3. Bg2 g6 4. Nf3 Bg7 5. Nc3 e5 6. 0-0 Nge7 7. a3 a5 8. Ne1 0-0 9. Nc2 d6 10. Rb1 Be6 11. Nd5 a4 12. d3 Na5 13. Bd2 Nb3 14. Bc3 Nxd5 15. cxd5 Bd7 16. e3 b5 17. Na1 Nxa1 18. Rxa1 Qb6 19. b4 axb3 20. Qxb3 Ra4 21. Rac1 Rfa8 22. Bb2 b4 23. Rfd1 Qb5 24. Bf1 bxa3 25. Qxb5 Bxb5 26. Bc3 a2 27. e4 Ra3 28. Ba1 Ba4 29. Re1 Rb8 30. Re2 Bh6 31. Rc3 Rbb3 32. Rcc2 Rb1 33. Rxa2 Rxa1 0-1

[Event "American Continental 08th"]
[Site "Mar del Plata"]
[Date "2012.10.13"]
[Round "2"]
[White "Pineiro, Dario"]
[Black "Krysa, Leandro Sergio"]
[Result "1/2-1/2"]
[WhiteElo "2141"]
[BlackElo "2381"]
[PlyCount "46"]
[EventDate "2012.10.12"]
[EventType "swiss"]
[EventRounds "11"]
[EventCountry "ARG"]
[SourceTitle "EXT 2013"]
[Source "ChessBase"]
[SourceDate "2012.11.22"]
[SourceVersion "1"]
[SourceVersionDate "2012.11.22"]
[SourceQuality "1"]

1. c4 Nf6 2. g3 g6 3. Bg2 d5 4. Nf3 Bg7 5. 0-0 c6 6. d3 0-0 7. Na3 a5 8. Rb1 a4 9. b4 axb3 10. axb3 Bg4 11. Bb2 Nbd7 12. Nc2 Qb8 13. Ra1 Re8 14. Ne5 Nxe5 15. Rxa8 Qxa8 16. Bxe5 dxc4 17. bxc4 Qa5 18. d4 Qc3 19. Ne3 Bh6 20. Nxg4 Nxg4 21. Qd3 Qxd3 22. exd3 Rd8 23. Rb1 Nxe5 1/2-1/2

[Event "Villa Ballester Verano op 62nd"]
[Site "Villa Ballester"]
[Date "2012.01.19"]
[Round "1"]
[White "Habib, Carlos"]
[Black "Pineiro, Dario"]
[Result "0-1"]
[WhiteElo "1715"]
[BlackElo "2172"]
[PlyCount "76"]
[EventDate "2012.01.19"]
[EventType "swiss"]
[EventRounds "9"]
[EventCountry "ARG"]
[SourceTitle "EXT 2013"]
[Source "ChessBase"]
[SourceDate "2012.11.22"]
[SourceVersion "1"]
[SourceVersionDate "2012.11.22"]
[SourceQuality "1"]

1. e4 c5 2. Nf3 e6 3. d4 cxd4 4. Nxd4 a6 5. Be3 Nf6 6. Nc3 Qc7 7. a3 b5 8. Be2 Bb7 9. f3 d5 10. exd5 Nxd5 11. Nxd5 Bxd5 12. Rc1 Bd6 13. c4 bxc4 14. Qa4+ Nd7 15. Bxc4 Bxc4 16. Rxc4 Qb7 17. 0-0 0-0 18. Qc6 Qxc6 19. Rxc6 Bb8 20. Rfc1 Nf6 21. g3 Nd5 22. Bf2 g6 23. R1c2 Be5 24. Ne2 Rfd8 25. b4 Kg7 26. Kg2 Rdb8 27. f4 Bf6 28. Kf3 a5 29. Be1 axb4 30. axb4 Ra3+ 31. Kf2 Nxb4 32. Bxb4 Rxb4 33. Rd6 h5 34. h4 Rb7 35. Rd1 Be7 36. Rdd2 Kf6 37. Nc3 Kf5 38. Nd1 Rbb3 0-1

[Event "Latin Cup"]
[Site "Montevideo"]
[Date "2011.11.03"]
[Round "3"]
[White "Pineiro, Dario"]
[Black "Codigone, Maximiliano"]
[Result "1/2-1/2"]
[WhiteElo "2198"]
[BlackElo "2033"]
[PlyCount "140"]
[EventDate "2011.11.01"]
[EventType "swiss"]
[EventRounds "9"]
[EventCountry "URU"]
[SourceTitle "EXT 2012"]
[Source "ChessBase"]
[SourceDate "2011.11.24"]
[SourceVersion "1"]
[SourceVersionDate "2011.11.24"]
[SourceQuality "1"]

1. e4 c6 2. d4 d5 3. f3 Qb6 4. a4 dxe4 5. fxe4 e5 6. c3 Nf6 7. Qd3 exd4 8. cxd4 Bb4+ 9. Nc3 0-0 10. Be2 c5 11. Be3 Nc6 12. d5 Ne5 13. Qc2 Re8 14. h3 Bd7 15. Nf3 Nxf3+ 16. Bxf3 Nxd5 17. Bf2 Qa5 18. 0-0 Nxc3 19. bxc3 Bxc3 20. Be1 Bxe1 21. Rfxe1 Bc6 22. Rf1 Qb4 23. Kh1 Bxe4 24. Bxe4 Rxe4 25. Rab1 Qxa4 26. Qxc5 Qd7 27. Rfd1 Qc6 28. Qxc6 bxc6 29. Rb7 a5 30. Rf1 Rf8 31. Rc1 g6 32. Rxc6 Rfe8 33. Ra7 Ra4 34. Rf6 Ra1+ 35. Kh2 Rf8 36. Rfa6 Kg7 37. Rxa5 Rf1 38. Ra1 Rxa1 39. Rxa1 g5 40. g4 Kg6 41. Ra6+ f6 42. Kg3 h5 43. h4 hxg4 44. Kxg4 gxh4 45. Kxh4 Rb8 46. Kg4 Rb4+ 47. Kf3 Kg5 48. Ra5+ f5 49. Ra8 Rb3+ 50. Kf2 Rc3 51. Ra4 Rb3 52. Ra8 Kg4 53. Kg2 Rb2+ 54. Kg1 f4 55. Rg8+ Kf3 56. Ra8 Rb1+ 57. Kh2 Re1 58. Rf8 Rf1 59. Ra8 Re1 60. Rf8 Re4 61. Kg1 Ra4 62. Rb8 Ra1+ 63. Kh2 Kf2 64. Rb2+ Kf1 65. Rb3 Kf2 66. Rb2+ Kf1 67. Rb3 Ra2+ 68. Kh3 Rf2 69. Rb1+ Ke2 70. Rb2+ Ke3 1/2-1/2

[Event "Buenos Aires Duchamp op 1st"]
[Site "Buenos Aires"]
[Date "2011.09.22"]
[Round "9"]
[White "Obregon, Carlos Andres"]
[Black "Pineiro, Dario"]
[Result "1/2-1/2"]
[WhiteElo "2449"]
[BlackElo "2176"]
[PlyCount "84"]
[EventDate "2011.09.12"]
[EventType "swiss"]
[EventRounds "9"]
[EventCountry "ARG"]
[SourceTitle "EXT 2014"]
[Source "ChessBase"]
[SourceDate "2013.11.20"]
[SourceVersion "1"]
[SourceVersionDate "2013.11.20"]
[SourceQuality "1"]

1. e4 e5 2. Nf3 Nf6 3. Nxe5 d6 4. Nf3 Nxe4 5. d4 d5 6. Bd3 Nc6 7. 0-0 Be7 8. Nc3 Nxc3 9. bxc3 0-0 10. Re1 Be6 11. Bf4 Bf6 12. Qd2 Qd7 13. Re3 Rfe8 14. Rae1 Rac8 15. Qe2 Rf8 16. Ne5 Bxe5 17. Bxe5 Nxe5 18. Rxe5 c5 19. dxc5 Rxc5 20. f4 Qd6 21. Qh5 g6 22. Qh6 d4 23. Bxg6 fxg6 24. Rxe6 Qxf4 25. Qxf4 Rxf4 26. g3 Rf7 27. cxd4 Rxc2 28. R1e2 Rxe2 29. Rxe2 Rd7 30. Re8+ Kf7 31. Rb8 Ke6 32. Kf2 Rxd4 33. Rxb7 Rd2+ 34. Ke3 Rxa2 35. Rxh7 Kf5 36. Rf7+ Ke6 37. Rb7 Rxh2 38. Rxa7 Rb2 39. Kf4 Rb5 40. Ra6+ Kf7 41. g4 g5+ 42. Ke4 Rb4+ 1/2-1/2

[Event "Buenos Aires Duchamp op 1st"]
[Site "Buenos Aires"]
[Date "2011.09.21"]
[Round "8"]
[White "Pineiro, Dario"]
[Black "Pierrot, Juan Facundo"]
[Result "1-0"]
[WhiteElo "2176"]
[BlackElo "2454"]
[PlyCount "131"]
[EventDate "2011.09.12"]
[EventType "swiss"]
[EventRounds "9"]
[EventCountry "ARG"]
[SourceTitle "EXT 2014"]
[Source "ChessBase"]
[SourceDate "2013.11.20"]
[SourceVersion "1"]
[SourceVersionDate "2013.11.20"]
[SourceQuality "1"]

1. e4 e5 2. Nf3 Nc6 3. Bb5 a6 4. Ba4 Nf6 5. 0-0 Be7 6. Re1 b5 7. Bb3 d6 8. c3 0-0 9. d4 Bg4 10. d5 Na5 11. Bc2 c6 12. h3 Bc8 13. dxc6 Qc7 14. Nbd2 Qxc6 15. Nf1 Be6 16. Ng3 Rfe8 17. a4 Nc4 18. b3 Nb6 19. a5 Nbd7 20. Bb2 h6 21. Qe2 Bf8 22. Nh2 g6 23. f3 d5 24. Ng4 Bg7 25. Rad1 Rac8 26. Rd2 dxe4 27. Nxf6+ Nxf6 28. Nxe4 Nd5 29. c4 bxc4 30. bxc4 Nf4 31. Qd1 Rb8 32. Ba4 Qxc4 33. Bxe8 Rxe8 34. Rd8 Rxd8 35. Qxd8+ Kh7 36. Qd2 Bd5 37. Kh2 Qc8 38. Rc1 Qf5 39. Qe3 h5 40. g4 Qd7 41. Ng5+ Kg8 42. Bxe5 Bxe5 43. Qxe5 Nd3 44. Qb8+ Kg7 45. Qc7 Qb5 46. Qc3+ Kg8 47. Rd1 Qb8+ 48. Kg2 Nf4+ 49. Kf2 h4 50. Qe3 Be6 51. Qb6 Nxh3+ 52. Nxh3 Qg3+ 53. Ke3 Qe5+ 54. Kf2 Qg3+ 55. Ke3 Qe5+ 56. Kd3 Qd5+ 57. Kc2 Qc4+ 58. Kb2 Qa2+ 59. Kc1 Qc4+ 60. Kd2 Qd5+ 61. Ke1 Qe5+ 62. Kd2 Qd5+ 63. Ke2 Qe5+ 64. Qe3 Bc4+ 65. Kd2 Qxa5+ 66. Qc3 1-0

[Event "Villa Martelli Rubinstein op"]
[Site "Villa Martelli"]
[Date "2011.08.07"]
[Round "7"]
[White "Frei, Alejandro"]
[Black "Pineiro, Dario"]
[Result "0-1"]
[WhiteElo "1747"]
[BlackElo "2180"]
[PlyCount "122"]
[EventDate "2011.08.01"]
[EventType "swiss"]
[EventRounds "9"]
[EventCountry "ARG"]
[SourceTitle "EXT 2012"]
[Source "ChessBase"]
[SourceDate "2011.11.24"]
[SourceVersion "1"]
[SourceVersionDate "2011.11.24"]
[SourceQuality "1"]

1. e4 c5 2. Nf3 e6 3. g3 d5 4. exd5 exd5 5. Bg2 Bd6 6. 0-0 Ne7 7. d4 0-0 8. Nc3 a6 9. Re1 Nbc6 10. Bg5 f6 11. Be3 c4 12. Nh4 Bc7 13. Qh5 Be6 14. Rad1 Qd7 15. Qe2 Bf7 16. Bf3 Rae8 17. a3 g5 18. Ng2 Nf5 19. Bg4 Be6 20. Qf3 Nfxd4 21. Bxe6+ Nxe6 22. Nxd5 Qf7 23. Nxc7 Nxc7 24. Bc5 Rxe1+ 25. Nxe1 Re8 26. Qf5 Ne6 27. Bb6 Ng7 28. Qf3 Ne5 29. Qd5 Qxd5 30. Rxd5 Kf7 31. Kg2 Ke6 32. Rd2 Rc8 33. Nf3 c3 34. bxc3 Nc4 35. Re2+ Kf7 36. Bd4 Nxa3 37. Nd2 Nxc2 38. Bxf6 Kxf6 39. Ne4+ Ke5 40. Nxg5+ Kf5 41. Ne4 Rc6 42. g4+ Kf4 43. h3 Re6 44. f3 Ne3+ 45. Kf2 Nc4 46. h4 Ne8 47. Nc5 Rxe2+ 48. Kxe2 Ned6 49. Kf2 Ke5 50. h5 h6 51. Kg3 a5 52. f4+ Kd5 53. g5 Kxc5 54. gxh6 Nf5+ 55. Kg4 Nxh6+ 56. Kg5 Nf7+ 57. Kg6 Ncd6 58. f5 a4 59. f6 a3 60. h6 a2 61. h7 Nh8+ 0-1

[Event "Buenos Aires Duarte Memorial"]
[Site "Buenos Aires"]
[Date "2010.12.11"]
[Round "1"]
[White "Toloza Soto, Pablo Alejandro"]
[Black "Pineiro, Dario"]
[Result "1-0"]
[WhiteElo "2327"]
[BlackElo "2183"]
[PlyCount "79"]
[EventDate "2010.12.10"]
[EventType "tourn"]
[EventRounds "9"]
[EventCountry "ARG"]
[EventCategory "3"]
[SourceTitle "CBM 139 Extra"]
[Source "ChessBase"]
[SourceDate "2011.01.05"]
[SourceVersion "1"]
[SourceVersionDate "2011.01.05"]
[SourceQuality "1"]

1. c4 f5 2. Nc3 Nf6 3. g3 g6 4. Bg2 Bg7 5. Nf3 d6 6. 0-0 0-0 7. d3 Qe8 8. Rb1 e5 9. b4 h6 10. Nd5 Nxd5 11. cxd5 g5 12. Nd2 Qh5 13. e4 g4 14. exf5 Bxf5 15. Nc4 Nd7 16. Ne3 Nf6 17. Nxf5 Qxf5 18. Be3 e4 19. dxe4 Nxe4 20. Rc1 Rac8 21. Rc4 Nf6 22. Qd2 Qg6 23. Rfc1 Rf7 24. Bf4 Rd7 25. Qe3 b6 26. Qe6+ Kh8 27. Be4 Qh5 28. Qf5 Qf7 29. Bg2 Re8 30. h3 gxh3 31. Qxh3 Rde7 32. Bxh6 Re1+ 33. Rxe1 Rxe1+ 34. Kh2 Re5 35. Bf3 Kg8 36. Bf4 Re8 37. Qf5 Re1 38. Kg2 Qe7 39. Qc8+ Ne8 40. Bh5 1-0

[Event "Villa Martelli Pro Am op 17th"]
[Site "Villa Martelli"]
[Date "2010.10.19"]
[Round "6"]
[White "Pineiro, Dario"]
[Black "Pina, Ulises"]
[Result "0-1"]
[WhiteElo "2162"]
[BlackElo "2302"]
[PlyCount "80"]
[EventDate "2010.10.10"]
[EventType "swiss"]
[EventRounds "9"]
[EventCountry "ARG"]
[SourceTitle "CBM 138 Extra"]
[Source "ChessBase"]
[SourceDate "2010.10.29"]
[SourceVersion "1"]
[SourceVersionDate "2010.10.29"]
[SourceQuality "1"]

1. e4 e5 2. d4 exd4 3. c3 d3 4. Bxd3 Nc6 5. Ne2 Nf6 6. c4 Bc5 7. 0-0 0-0 8. Bg5 h6 9. Bh4 d6 10. Nbc3 a5 11. Nd5 g5 12. Bg3 Nh5 13. Kh1 Nb4 14. Nxb4 axb4 15. Qd2 f5 16. f4 g4 17. a3 bxa3 18. b4 Bb6 19. Qc2 c6 20. Qb3 fxe4 21. Bxe4 Be6 22. Qd3 d5 23. Bh7+ Kh8 24. c5 Nxg3+ 25. Nxg3 Qd7 26. Bg6 Bd8 27. Rxa3 Rxa3 28. Qxa3 Qg7 29. f5 Bf7 30. Nh5 Qd4 31. Bxf7 Rxf7 32. Qa8 Rf8 33. Qxb7 Rxf5 34. Re1 Qe5 35. Rg1 Rxh5 36. g3 Qe4+ 37. Rg2 Rf5 38. Qa6 Rf2 39. Qa1+ Bf6 40. Qg1 Bd4 0-1